| 000 | 00489pab a2200193 454500 | ||
|---|---|---|---|
| 008 | 180718b1989 xxu||||| |||| 00| 0 eng d | ||
| 100 | _aRoy Burman, B.K. | ||
| 245 | _aSociety, ecology and land reform in tribal India | ||
| 260 | _c1989 | ||
| 300 | _ap.41-58. | ||
| 362 | _aJan-Mar | ||
| 650 | _aTribes | ||
| 650 | _aSocial systems | ||
| 650 | _aLand reform - India | ||
| 650 | _aLand reform | ||
| 773 | _aIndian Journal of Public Administration | ||
| 908 | _aN | ||
| 909 | _a88885 | ||
| 999 |
_c88885 _d88885 |
||